002700000a220007300045001000017000002450085000173000047001027730047001491 aDoyle, Brian10aKnock, knock, knockin on Sodom's door : The function of TLD/HTP in Genesis 18-19 aVol. 28, Núm 4 (2004), Páginas 431-4480 tJournal for the Study of the Old Testament